|
|
|
|
| LEADER |
01207naa a2200373 a 4500 |
| 001 |
000000216 |
| 003 |
SVKKK |
| 005 |
20071019083926.0 |
| 008 |
030616c1990 xo e sloo |
| FMT |
|
|
|
| 038 |
|
|
|a SVKKK
|
| 040 |
|
|
|a SVKKK
|b slo
|e AACR2
|
| 041 |
0 |
|
|a slo
|b eng
|a eng
|
| 044 |
|
|
|a xo
|c SK
|
| 080 |
|
|
|a 551.24"615/623
|2 1981
|
| 100 |
1 |
|
|a Nemčok, Ján
|4 aut
|
| 245 |
1 |
0 |
|a Význam vektorov pohybu na vihorlatsko-cirošskom poruchovom systéme - Vectors of movement on Vihorlat-Cirocha fault system
|c Nemčok Ján, Nemčok Michal
|
| 300 |
|
|
|b Obr. 15
|
| 500 |
|
|
|a Angl. preklad slov. názvu
|
| 504 |
|
|
|a Res. angl., lit. 10 zázn. v rôznych jazykoch
|
| 650 |
0 |
4 |
|a druhohory-treťohory
|x štúdie
|
| 650 |
0 |
4 |
|a geodynamika vnútorná
|
| 650 |
0 |
4 |
|a sedimenty flyšové
|x oligocén
|x krieda (geol.)
|
| 650 |
0 |
4 |
|a systém poruchový
|x vihorlatsko-cirošský
|
| 650 |
0 |
4 |
|a tektonika
|
| 700 |
1 |
|
|a Nemčok, Michal
|4 aut
|
| 773 |
0 |
|
|t 50 rokov výuky geológie a paleontológie na Slovensku
|d Bratislava : Geologický ústav Dionýza Štúra, 1990
|g S. 89-106
|
| 958 |
|
|
|a MS
|
| 958 |
|
|
|a NP
|
| 974 |
|
|
|d 940615
|a 245/162
|
| 992 |
|
|
|a RZB
|
| BAS |
|
|
|
| 852 |
|
|
|a SVKKK
|b BIB
|
| 998 |
|
|
|a GEO
|